| 000 | 00949nam a2200241 i 4500 | ||
|---|---|---|---|
| 001 | 169893 | ||
| 003 | ES-MaACL | ||
| 005 | 20250812062544.0 | ||
| 008 | 081216s1962 sp |||| | spa d | ||
| 017 | _aM 7.252-1962 | ||
| 080 | _a946"19"(042) | ||
| 100 | 1 |
_aCacho Viu, Vicente. _933360 |
|
| 245 | 1 | 4 |
_aLas tres Españas de la España contemporánea / _cVicente Cacho Viu. |
| 260 |
_aMadrid : _bAteneo, _c1962 ( _fBolaños y Aguilar) |
||
| 300 |
_a37 p., [2] h. ; _c19 cm. |
||
| 490 | 1 |
_aO crece o muere ; _v170 |
|
| 500 | _a"Este trabajo fue dado a conocer por su autor en una conferencia pronunciada en el Estudio General de Navarra el 14 de febrero de 1962, dentro del ciclo sobre 'Antecedentes históricos de la España actual' " | ||
| 651 | 4 |
_aEspaña- _xHistoria- _yS.XX. _9138832 |
|
| 710 | 2 |
_aAteneo de Madrid. _91875 |
|
| 830 | 0 | 0 |
_aColección "O crece o muere" _v170 _9183476 |
| 852 | 4 |
_aES-MaACL _j2244-F-4 |
|
| 999 |
_c169893 _d169893 |
||